Word Chains - Statistics

General Stats
  • This quiz has been taken 52 times
  • The average score is 10 of 15
Answer Stats
Hint Answer % Correct
Mr. __, Beauty and the __, The belly of the __ Beast
98%
__ Claus, __ Cruz, __ Maria Santa
95%
__ Dynamite, __ Bonaparte, __ Complex Napoleon
93%
Banana __, Lickety-__, __ Decision Split
84%
Fishing __, Totem __, North __ Pole
82%
Pyramid __, Ponzi __, Color __ Scheme
82%
Base__, Foot__, Cannon __ Ball
80%
Prison __, __ Membrane, Mis__aneous Cell
75%
Computer __, Piano __, Allen __ Key
75%
__ Rangers, __ Longhorns, __ Hold'em Texas
75%
Blue __, __hopper, Lemon __ Grass
55%
Garden__, Fire__, __ Reel Hose
48%
Swiss __, __ Chip, Hot __ Chocolate
45%
Double __, Celebrity __, Final __ Jeopardy
45%
Nylon __, Electric __, Double-Neck __ Guitar
16%
No matching quizzes found
Score Distribution
Percent of People with Each Score
Percentile by Number Answered
Your Score History
You have not taken this quiz